000 00511nam a2200181Ia 4500
003 GCL
008 140319s9999 xx 000 0 eng d
040 _aGCL /
_cGCL
082 0 4 _a370.19
_bG B
100 1 _aMCLAREN, PETER
245 1 0 _aBETWEEN BORDERS: PEDAGOGY AND THE POLITICS OF CULTURAL STUDIES /
_cMCLAREN, PETER
700 1 _aGIROUX, HENRY A.
260 _a[S.N] :
_bROUTLEDGE ،
_c1994
300 _a280 P
650 0 4 _aCRITICAL PEDAEOLOGY
650 0 4 _aEDUCATIONAL ANTHROPOLOGY
942 _2ddc
_cBK
999 _c20943
_d20943